| 000 | 00567nam a2200193Ia 4500 | ||
|---|---|---|---|
| 008 | 131103s9999 xx 000 0 und d | ||
| 020 | _a0 7100 7693 2 | ||
| 040 | _aLoreto College | ||
| 041 | _aEnglish | ||
| 082 |
_a370.9/RAY _bLCBkB/448 |
||
| 245 |
_aCities, communities and the young _b readings in Urban education _cEdited by John Raynor & Jane Harden |
||
| 260 |
_aLondon _bRoutledhe & Kegan _c1973 |
||
| 300 |
_av.1 _c 21cm. |
||
| 504 | _aIncludes index | ||
| 650 | _aEducation | ||
| 700 | _aRaynor, John; ed. | ||
| 850 | _aLCBkB/370.9/RAY | ||
| 942 | _cBK | ||
| 999 |
_c35115 _d85594 |
||